000 00665nam a2200205Ia 4500
003 GCL
008 140319s9999 xx 000 0 ara d
020 _a0133409977
040 _aGCL /
_cGCL
082 0 4 _a843.01
_bش م
100 1 _aمحمد سلماوى
245 1 0 _aمسيو ابراهيم وزهور القران :
_bرواية /
_cمحمد سلماوى
700 1 _aشميت، اريك ايمانويل
250 _aالثانية
260 _aالقاهرة :
_bدار الشروق ،
_c2005
300 _a80 سم ؛
_c19 سم
650 0 4 _aالقصص الفرنسية
650 0 4 _aالقصص الفرنسية المترجمة
942 _2ddc
_cBK
999 _c8182
_d8182